Fr. Conceicao Rodrigues College of Engineering

Scientific Inventory Management (Record no. 27202)

MARC details
000 -LEADER
fixed length control field 00308nam a2200133Ia 4500
082 ## - DEWEY DECIMAL CLASSIFICATION NUMBER
Classification number 658.7
100 ## - MAIN ENTRY--PERSONAL NAME
Personal name Buchan & Kornigsberg
245 ## - TITLE STATEMENT
Title Scientific Inventory Management
260 ## - PUBLICATION, DISTRIBUTION, ETC.
Name of publisher, distributor, etc. Prentice Hall of India
Place of publication, distribution, etc. New Delhi
Date of publication, distribution, etc. 1977
300 ## - PHYSICAL DESCRIPTION
Extent 523
546 ## - LANGUAGE NOTE
Language note ENGLISH
654 ## - SUBJECT ADDED ENTRY--FACETED TOPICAL TERMS
Focus term inventory
942 ## - ADDED ENTRY ELEMENTS (KOHA)
Koha item type BOOK
Holdings
Withdrawn status Lost status Damaged status Not for loan Collection Home library Current library Shelving location Date acquired Source of acquisition Cost, normal purchase price Inventory number Total Checkouts Full call number Barcode Date last seen Cost, replacement price Price effective from Koha item type Date last checked out
        AFT Fr. Agnel's C.Rodrigues College of Engineering AGNEL TECHNICAL COLLEGE LIBRARY   17/03/2023   16.00 1076 1 658.7 AFT705 31/01/2026 16.00 17/03/2023 BOOK 07/01/2026
        AFT Fr. Agnel's C.Rodrigues College of Engineering Fr. Agnel's C.Rodrigues College of Engineering   17/03/2023 UBS 25.00 T-198   658.7 AFT2867 17/03/2023 25.00 17/03/2023 BOOK  
        AFT Fr. Agnel's C.Rodrigues College of Engineering Fr. Agnel's C.Rodrigues College of Engineering   17/03/2023   16.00 1076   658.7 AFT704 17/03/2023 16.00 17/03/2023 BOOK